Länder mit Himmelsrichtungen im Namen - Statistiken

Allgemein
  • Dieses Quiz wurde 513 mal gespielt
  • Das Durchschnittsergebnis liegt bei 5 aus 6
Antwortstatistiken
Antwort % Korrekt
Nordkorea
94%
Südkorea
93%
Südafrika
91%
Südsudan
90%
Nordmazedonien
87%
Osttimor
84%
Keine übereinstimmenden Quizze gefunden
Verteilung der Resultate
Anzahl Personen mit jedem Resultat
Perzentil nach korrekt beantworteten Fragen
Ihre Resultats-Entwicklung
Sie haben dieses Quiz noch nicht gespielt